The ghost of Thomas Kempe

Bibliographic Details
Main Author: Lively, Penelope
Format: Book
Published: London : Heinemann , 1973
Subjects:

MARC

LEADER 00000cam a2200000 7i4500
001 0000008416
002 000009173
005 20000330.0
020 |a 0435122045 
090 0 0 |a JF   |b LIV 
100 1 |a Lively, Penelope 
245 1 4 |a The ghost of Thomas Kempe   |c Penelope Lively 
260 |a London :   |b Heinemann ,   |c 1973 
300 |a 152p. :   |b ill ;   |c 17cm. 
650 0 0 |a Children's stories 
999 |a 048454   |b BUKU   |c PINJAMAN   |e PERPUSTAKAAN KOMUNITI PETALING JAYA 
999 |a 048455   |b BUKU   |c PINJAMAN   |e PERPUSTAKAAN KOMUNITI PETALING JAYA 
999 |a 053687   |b BUKU   |c PINJAMAN   |e PERPUSTAKAAN KOMUNITI PETALING JAYA 
999 |a 053688   |b BUKU   |c PINJAMAN   |e PERPUSTAKAAN KOMUNITI PETALING JAYA